Biografi Ulama Kedah Darul Aman

Bibliographic Details
Format: Book
Published: Kedah : The state museum kedah darul aman , 1989
Subjects:

MARC

LEADER 00000cam a2200000 7i4500
001 0000037701
005 20160308.0
008 131010
022 1 |a 01285602 
090 0 0 |a 297.6109595112   |b BIO 
245 1 0 |a Biografi Ulama Kedah Darul Aman 
260 |a Kedah :   |b The state museum kedah darul aman ,   |c 1989 
650 0 |a Kedah   |x History 
999 |a 0001244075   |b Book   |c Adult Collection   |e Perbadanan Perpustakaan Awam Johor 
999 |a 0001244076   |b Book   |c Adult Collection   |e Cawangan Segamat 
999 |a 0001244077   |b Book   |c Adult Collection   |e Cawangan Pontian 
999 |a 0001244078   |b Book   |c Adult Collection   |e Cawangan Tmn. Ungku Tun Aminah 
999 |a 0001244080   |b Book   |c Adult Collection   |e Cawangan Segamat 
999 |a 0001244081   |b Book   |c Adult Collection   |e Cawangan Pontian 
999 |a 0001244082   |b Book   |c Adult Collection   |e Cawangan Tmn. Ungku Tun Aminah 
999 |a 0001244084   |b Book   |c Adult Collection   |e Cawangan Bukit Gambir 
999 |a 0001244086   |b Book   |c Adult Collection   |e Cawangan Bandar Tenggara 
999 |a 0001244087   |b Book   |c Adult Collection   |e Cawangan Bandar Penawar 
999 |a 0001244088   |b Book   |c Children Collection   |e Cawangan Taman Universiti 
999 |a 0001244091   |b Book   |c Adult Collection   |e Cawangan Kota Tinggi 
999 |a 0001244092   |b Book   |c Adult Collection   |e Cawangan Bukit Gambir 
999 |a 0001244096   |b Book   |c Children Collection   |e Cawangan Taman Universiti 
999 |a 0001244097   |b Book   |c Adult Collection   |e Cawangan Mersing 
999 |a 0001244100   |b Book   |c Adult Collection   |e Cawangan Kota Tinggi 
999 |a 0001244102   |b Book   |c Adult Collection   |e Perbadanan Perpustakaan Awam Johor 
999 |a 0001295802   |b Book   |c Adult Collection   |e Cawangan Bandar Tenggara 
999 |a 0001295807   |b Book   |c Adult Collection   |e Cawangan Tangkak 
999 |a 0001295812   |b Book   |c Adult Collection   |e Cawangan Segamat 
999 |a 0001295814   |b Book   |c Adult Collection   |e Cawangan Mersing 
999 |a 0001295815   |b Book   |c Adult Collection   |e Cawangan Bandar Penawar 
999 |a 0001295818   |b Book   |c Adult Collection   |e Cawangan Tangkak 
999 |a 0001295821   |b Book   |c Adult Collection   |e Cawangan Urban Transformation Centre